000 00645nam a2200241 i 4500
001 C2-0298685
003 PPAK
005 20180728080630.0
008 090608s2003 my a|||| ||||| | chi d
020 _a983191239X
040 _aPPAK
_beng
_cPPAK
_erda
082 0 4 _a895.13
_223
090 0 0 _a895.13
_bDEN
_dK
100 1 _aDeng, Jia Li,
_eauthor
245 1 0 _aHui gu niang
264 1 _aKuala Lumpur :
_bKohwai & Young ,
_c2003
300 _a35 pages :
_bcolour illustrations ;
_c18 cm
336 _2rdacontent
_atext
337 _2rdamedia
_aunmediated
338 _2rdacarrier
_avolume
650 1 0 _aChinese fiction
942 _ddc
_cB
999 _c102859
_d102859